Clay

Bibliographic Details
Main Author: Hull, Jeannie
Format: Book
Published: London : Franklin Watts , 1989
Series:Fresh Start
Subjects:

MARC

LEADER 00000cam a2200000 7i4500
001 0000005531
002 000005980
005 20060128.0
020 |a 0863138985 
090 0 0 |a 745.5   |b HUL 
100 1 |a Hull, Jeannie 
245 1 0 |a Clay   |c Jeannie Hull 
260 |a London :   |b Franklin Watts ,   |c 1989 
300 |a 48p ;   |c 25 hm. 
490 0 |a Fresh Start 
650 0 0 |a Pottery craft   |x Juvenile literature 
999 |a 027163   |b BUKU   |c JUNIOR BOOKS   |e PERPUSTAKAAN KOMUNITI PETALING JAYA